000 00310nam a22001457a 4500
008 210604b ||||| |||| 00| 0 eng d
020 _a0977954137
041 _aeng
080 _a7
082 _a7
100 _a44
101 _aART
245 _aThe British Are Coming
_cStephanie Pevec
942 _2udc
_cBK
999 _c57948
_d57948